Creature Commandos (2024-?): Characters by Picture - Statistics

General Stats
  • This quiz has been taken 19 times
  • The average score is 15 of 28
Answer Stats
Picture Answer % Correct
Bride of Frankenstein
93%
Doctor Phosphorus
93%
Rick Flag, Sr.
93%
Amanda Waller
87%
Nina Mazursky
87%
Batman
80%
Clayface
80%
Eric Frankenstein
80%
G.I. Robot
80%
King Shark
80%
Weasel
80%
Circe
67%
Gorilla Grodd
67%
John Economos
67%
Sergeant Franklin Rock
53%
Victor Frankenstein
53%
Nosferata
33%
Rupert Thorne
33%
Edward Mazursky
27%
Princess Ilana Rostovic
27%
Will Magnus
27%
Alexi
20%
Bogdana
20%
Doctor Aisla MacPherson
13%
Elizabeth Bates
13%
Khalis
13%
Sam Fitzgibbon
13%
Sergei
13%
No matching quizzes found
Score Distribution
Percent of People with Each Score
Percentile by Number Answered
Your Score History
You have not taken this quiz